Torschützenliste Fußball-Europameisterschaft 2024 - Statistiken

Allgemein
  • Dieses Quiz wurde 74 mal gespielt
    42 seit der letzten Aktualisierung
  • Das Durchschnittsergebnis liegt bei 9 aus 16
Antwortstatistiken
Tore Mannschaft Spieler % Korrekt
3 Deutschland Jamal Musiala
97%
2 Deutschland Florian Wirtz
89%
3 England Harry Kane
76%
2 Deutschland Niclas Füllkrug
74%
2 England Jude Bellingham
68%
2 Deutschland Kai Havertz
68%
2 Spanien Nico Williams
66%
3 Niederlande Cody Gakpo
58%
3 Spanien Dani Olmo
58%
3 Georgien Georges Mikautadze
50%
3 Slowakei Ivan Schranz
47%
2 Schweiz Breel Embolo
45%
2 Niederlande Donyell Malen
42%
2 Spanien Fabián Ruiz
34%
2 Türkei Merih Demiral
34%
2 Rumänien Răzvan Marin
18%
Keine übereinstimmenden Quizze gefunden
Verteilung der Resultate
Anzahl Personen mit jedem Resultat
Perzentil nach korrekt beantworteten Fragen
Ihre Resultats-Entwicklung
Sie haben dieses Quiz seit der letzten Aktualisierung nicht gespielt